| 000 | 00842nam a2200265Ia 4500 | ||
|---|---|---|---|
| 003 | OSt | ||
| 005 | 20220923215000.0 | ||
| 006 | a|||||r|||| 00| 0 | ||
| 007 | ta | ||
| 008 | 220922b |||||||| |||| 00| 0 hin d | ||
| 024 | _a174,492 | ||
| 037 | _cTextual | ||
| 040 |
_aARTS _cARTS _bhin |
||
| 041 |
_2hin _ahin |
||
| 082 | _aO152,6N021x, H8;J0 | ||
| 100 |
_aजोशी, इलाचंद्र _9156272 |
||
| 245 | 0 | _aविवेचना | |
| 246 | _aVivechanā | ||
| 250 | _aसंस्क0 2 | ||
| 260 |
_aप्रयाग _b हिंदी साहित्य सम्मेलन _c1950 |
||
| 300 |
_a244पृ. _ccm. |
||
| 650 |
_aहिन्दी साहित्य _9156264 |
||
| 942 |
_hO152,6N021x, H8;J0 _cTEXL _2CC |
||
| 999 |
_c328263 _d328263 |
||